[Event "AUTO-MASTER-2868"]
[Site "http://www.queenalice.com/game.php?id=1580069"]
[Date "2019.8.12"]
[Round "1"]
[White "ribeiro"]
[Black "polyhedron2"]
[Result "0-1"]
[WhiteElo "1911"]
[BlackElo "2007"]

1. e4 e5 2. Nf3 Nc6 3. Bc4 Bc5 4. O-O Nf6 5. d3 d6 6. Ng5 O-O 7. Nc3 Bg4 8. Nf3
Nd4 9. h3 Nxf3+ 10. gxf3 Bxh3 11. Re1 Nh5 12. f4 Qh4 13. Qf3 Bg4 14. Qg2 exf4
15. Bd5 c6 16. Bc4 Rae8 17. a3 Re5 18. Qh2 Qxh2+ 19. Kxh2 Bxf2 20. Rf1 Bg3+ 21.
Kg2 Rg5 22. Kh1 Be6 23. Ne2 Rg4 24. Kg2 Rh4 25. Bxe6 fxe6 26. Kf3 g5 27. Nxf4
gxf4 28. Bd2 Bh2 29. b4 Rf6 30. e5 dxe5 31. Rh1 Rg6 32. Be1 Rh3+ 33. Ke4 Re3#
0-1

[Event "AUTO-MASTER-2868"]
[Site "http://www.queenalice.com/game.php?id=1580078"]
[Date "2019.8.12"]
[Round "1"]
[White "jdalcheco"]
[Black "ribeiro"]
[Result "1-0"]
[WhiteElo "1933"]
[BlackElo "1908"]

1. d4 Nf6 2. Nc3 g6 3. e4 d6 4. Bg5 Bg7 5. Bd3 Nbd7 6. Qd2 b6 7. Nf3 c6 8. h4 h6
9. Be3 Ng4 10. O-O-O Nxe3 11. Qxe3 Bb7 12. g4 b5 13. h5 g5 14. Ng1 b4 15. Nce2
a5 16. Nh3 d5 17. e5 e6 18. f4 f6 19. exf6 Qxf6 20. fxg5 hxg5 21. Rhf1 Qe7 22.
Nxg5 Bh6 23. Bg6+ Kd8 24. Nf7+ Qxf7 25. Qxh6 Rxh6 26. Rxf7 Kc7 27. Nf4 Rf8 28.
Nxe6+ Kc8 29. Nxf8 Nxf8 30. Rxf8+ Kc7 31. Re1 Kb6 32. Re7 Ka7 33. Rff7 Rh8 34.
Rxb7+ Ka8 35. Rb6 Rc8 36. Bf5 Re8 37. Ra6+ Kb8 38. Raa7 1-0

[Event "AUTO-MASTER-2868"]
[Site "http://www.queenalice.com/game.php?id=1580079"]
[Date "2019.8.12"]
[Round "1"]
[White "ribeiro"]
[Black "jdalcheco"]
[Result "1-0"]
[WhiteElo "1885"]
[BlackElo "1948"]

1. e4 e6 2. Nf3 d5 3. e5 c5 4. d4 Nc6 5. Bb5 cxd4 6. Nxd4 Bd7 7. Bf4 Bc5 8. c3
a6 9. Ba4 Nge7 10. O-O O-O 11. Bc2 Qb6 12. Nxc6 Qxc6 13. Qd3 Ng6 14. Bg3 Qb6 15.
b3 Bb5 16. c4 dxc4 17. bxc4 Rad8 18. Qb3 Bc6 19. Nc3 Qa7 20. Na4 Bd4 21. Rae1 b5
22. Nc3 bxc4 23. Qb2 Rb8 24. Qa3 Bc5 25. Qc1 Bb4 26. Qa1 Qb7 27. Rd1 Bxg2 28.
Rfe1 Bc6 29. Rb1 Qe7 30. Rf1 Qg5 31. Ne4 Qg4 32. a3 Ba5 33. Rxb8 Rxb8 34. Qd4
Rd8 35. Nf6+ gxf6 36. Qxg4 f5 37. Qg5 Rd2 38. Rb1 Rxc2 39. Rb8+ Kg7 40. Qf6+ Kh6
41. Bf4+ 1-0

[Event "AUTO-MASTER-2873"]
[Site "http://www.queenalice.com/game.php?id=1582149"]
[Date "2019.9.1"]
[Round "1"]
[White "CCapivara"]
[Black "ribeiro"]
[Result "1-0"]
[WhiteElo "2225"]
[BlackElo "1904"]

1. e4 c5 2. Nf3 d6 3. d4 cxd4 4. Nxd4 Nf6 5. Nc3 a6 6. Bg5 e6 7. f4 h6 8. Bxf6
Qxf6 9. Qd2 Nc6 10. Nxc6 bxc6 11. O-O-O Be7 12. Bd3 Qd4 13. Kb1 a5 14. Qe2 Qb6
15. f5 a4 16. e5 exf5 17. exd6 O-O 18. dxe7 Re8 19. Rhf1 a3 20. b3 Qd4 21. Qd2
Be6 22. Bxf5 Qxd2 23. Rxd2 Rxe7 24. Bxe6 Rxe6 25. Rfd1 Rae8 26. Kc1 g5 27. Nb1
Ra8 28. Rd8+ Rxd8 29. Rxd8+ Kg7 30. Nxa3 Re1+ 31. Rd1 Re2 32. Rd2 Re1+ 33. Kb2
Re6 34. Nc4 c5 35. a4 Ra6 36. a5 Re6 37. Ka3 Re1 38. Ka4 Rf1 39. a6 Re1 40. a7
Re8 41. Nb6 1-0

[Event "AUTO-MASTER-2873"]
[Site "http://www.queenalice.com/game.php?id=1582150"]
[Date "2019.9.1"]
[Round "1"]
[White "ribeiro"]
[Black "CCapivara"]
[Result "0-1"]
[WhiteElo "1897"]
[BlackElo "2280"]

1. e4 d6 2. h3 e5 3. Bc4 Nf6 4. d3 Be7 5. Nf3 O-O 6. O-O c6 7. c3 b5 8. Bb3 Nbd7
9. Kh1 d5 10. exd5 cxd5 11. g4 e4 12. Nd4 Bb7 13. g5 Ne8 14. Rg1 exd3 15. Bf4
Nc5 16. h4 Nd6 17. Qf3 Nde4 18. Be5 Bd6 19. Bxg7 Kxg7 20. Nf5+ Kh8 21. Qh5 d4
22. f3 Qd7 23. Nd2 Qxf5 24. Qg4 Qxg4 25. Rxg4 Nxd2 26. Rxd4 Bxf3+ 27. Kg1 Ncxb3
28. axb3 Nxb3 29. Rxd3 Nxa1 30. Rxd6 Rad8 31. Rf6 Bb7 32. Rf5 Rd2 33. h5 Re8 34.
Rf1 Ree2 35. h6 Rg2+ 36. Kh1 Rg3+ 0-1

[Event "AUTO-MASTER-2873"]
[Site "http://www.queenalice.com/game.php?id=1582163"]
[Date "2019.9.1"]
[Round "1"]
[White "ribeiro"]
[Black "Mistakesrme"]
[Result "0-1"]
[WhiteElo "1879"]
[BlackElo "2210"]

1. e4 e6 2. d4 d5 3. e5 c5 4. Nf3 Qb6 5. Be2 Nc6 6. c3 cxd4 7. Nxd4 Bc5 8. Bb5
Ne7 9. a4 O-O 10. Be3 a6 11. Bxc6 Nxc6 12. b3 Nxe5 13. a5 Qd6 14. h3 f6 15. O-O
Nc6 16. b4 Ba7 17. Nxc6 Bxe3 18. Ne7+ Qxe7 19. fxe3 e5 20. Qxd5+ Be6 21. Qc5
Qxc5 22. bxc5 Rac8 23. Nd2 Rxc5 24. Ne4 Rc4 25. Nd6 Rxc3 26. Nxb7 Rxe3 27. Nc5
Bc4 28. Rfc1 Bb5 29. Ne6 Re8 30. Nc7 Rc8 31. Nxb5 Rxc1+ 32. Rxc1 axb5 33. Ra1
Rc3 34. a6 Rc8 35. a7 Ra8 36. Ra6 b4 37. Rb6 Rxa7 38. Rxb4 h5 39. h4 Kf7 40. Kf2
Ra3 41. Kf1 Kg6 42. Kf2 Kf5 43. g3 Ra2+ 44. Ke3 Ra3+ 45. Kf2 e4 46. Ke2 Rxg3 0-1

[Event "AUTO-MASTER-2873"]
[Site "http://www.queenalice.com/game.php?id=1582164"]
[Date "2019.9.1"]
[Round "1"]
[White "Mistakesrme"]
[Black "ribeiro"]
[Result "1-0"]
[WhiteElo "2205"]
[BlackElo "1890"]

1. c4 e5 2. g3 a6 3. Bg2 c6 4. d4 Bb4+ 5. Bd2 Qb6 6. c5 Bxd2+ 7. Qxd2 Qc7 8. Qg5
g6 9. Qxe5+ Qxe5 10. dxe5 Ne7 11. Nc3 O-O 12. Ne4 Nd5 13. Nd6 b5 14. O-O-O Nc7
15. Bh3 f6 16. exf6 Rxf6 17. Nxc8 Ne6 18. Bxe6+ Rxe6 19. e3 a5 20. Ne2 Re5 21.
Nd6 Rxc5+ 22. Kb1 a4 23. Ne4 Re5 24. Nf6+ Kf8 25. Nxd7+ Nxd7 26. Rxd7 Kg8 27.
Rhd1 a3 28. Rd8+ Rxd8 29. Rxd8+ Kg7 30. Rc8 Re6 31. Nd4 Rf6 32. f4 Rf7 33. Rxc6
axb2 34. Rc7 Rxc7 35. Ne6+ Kf6 36. Nxc7 Kf5 37. Nxb5 Ke4 38. a4 Kd5 39. Kxb2 1-0

[Event "AUTO-MASTER-2873"]
[Site "http://www.queenalice.com/game.php?id=1582165"]
[Date "2019.9.1"]
[Round "1"]
[White "ribeiro"]
[Black "pomar"]
[Result "0-1"]
[WhiteElo "1904"]
[BlackElo "2135"]

1. e4 e6 2. d4 d5 3. e5 c5 4. Nf3 Qb6 5. b3 cxd4 6. Nxd4 Bc5 7. Be3 Nc6 8. Bb5
Bd7 9. Bxc6 Bxc6 10. Nxc6 Bxe3 11. fxe3 Qxe3+ 12. Qe2 Qxe2+ 13. Kxe2 bxc6 14.
Nd2 Ne7 15. c4 Ng6 16. cxd5 cxd5 17. Nf3 Kd7 18. Rac1 Nf4+ 19. Kd2 Rac8 20. g3
Ng6 21. Rhe1 h6 22. Nd4 Rxc1 23. Rxc1 Nxe5 24. Nb5 Nc6 25. a3 Rb8 26. Rc5 a6 27.
a4 axb5 28. axb5 Na5 29. Kc3 Kd6 30. Kb4 Nxb3 31. Rc6+ Kd7 32. Rc3 Nd4 33. Rc5
Kd6 34. Rc3 Rxb5+ 35. Ka4 Rb2 36. Rc8 Rxh2 37. Rb8 Ra2+ 0-1

[Event "AUTO-MASTER-2873"]
[Site "http://www.queenalice.com/game.php?id=1582166"]
[Date "2019.9.1"]
[Round "1"]
[White "pomar"]
[Black "ribeiro"]
[Result "1/2-1/2"]
[WhiteElo "2116"]
[BlackElo "1895"]

1. f3 e5 2. Kf2 d5 3. e3 b6 4. c4 Bb7 5. cxd5 Bxd5 6. Nc3 Bc6 7. Qb3 Qd7 8. Bb5
Bxb5 9. Qxb5 Qxb5 10. Nxb5 Na6 11. Ne2 Bc5 12. d4 exd4 13. exd4 Bd6 14. Nxd6+
cxd6 15. Bf4 Kd7 16. Nc3 Nf6 17. Nb5 Rhc8 18. Rac1 Nb4 19. Nxd6 Nd3+ 20. Kg3
Rxc1 21. Bxc1 Nxc1 22. Nxf7 Nxa2 23. Ra1 Nb4 24. Kf4 Nd3+ 25. Kf5 Ke7 26. Ne5
Nxb2 27. Nc6+ Kd6 28. Nxa7 Kd5 29. g4 Nc4 30. g5 Nd7 31. h4 Rf8+ 32. Kg4 Ne3+
33. Kg3 Nf5+ 34. Kg4 Nxd4 35. f4 b5 36. Rd1 b4 37. Nb5 b3 38. Nxd4 b2 39. Nf5+
Kc4 40. Nxg7 Rd8 41. Kh5 Kc3 42. Ne6 Kc2 43. Rf1 Rb8 44. Kh6 b1=Q 45. Rxb1 Rxb1
46. f5 Rf1 47. f6 Nxf6 48. gxf6 Rxf6+ 49. Kxh7 Rf7+ 50. Kg6 Rf1 51. h5 Rg1+ 52.
Ng5 Rh1 53. h6 Rxh6+ 54. Kxh6 1/2-1/2

[Event "AUTO-MASTER-2875"]
[Site "http://www.queenalice.com/game.php?id=1583112"]
[Date "2019.9.11"]
[Round "1"]
[White "ribeiro"]
[Black "jupar"]
[Result "1/2-1/2"]
[WhiteElo "1901"]
[BlackElo "2066"]

1. e4 e5 2. Nf3 Nc6 3. Bb5 Nf6 4. O-O Bc5 5. Bxc6 dxc6 6. Nxe5 O-O 7. d3 Re8 8.
Nf3 Bg4 9. h3 Bxf3 10. Qxf3 Bb6 11. Kh1 Qd4 12. c3 Qd7 13. Re1 Rad8 14. d4 h6
15. e5 Qd5 16. Rg1 Nh7 17. Qxd5 cxd5 18. Be3 Ng5 19. Nd2 c6 20. f4 Ne4 21. g4 f6
22. Nxe4 dxe4 23. exf6 gxf6 24. f5 Kg7 25. a4 a6 26. a5 Bc7 27. b4 Rd5 28. h4
Rd7 29. Kg2 Rg8 30. Kf2 Kh7 31. h5 Rdg7 32. Rad1 Rxg4 33. Rxg4 Rxg4 34. Rg1 Rxg1
35. Kxg1 Bg3 36. Kf1 Kg7 37. Ke2 Bh4 38. c4 Bg5 39. Bf2 Kf7 40. d5 cxd5 41. cxd5
Ke7 42. Bc5+ Kd7 43. Kf2 Kc7 44. Ke2 Kd7 45. Kf2 Kd8 46. Bb6+ Kd7 47. Bc5
1/2-1/2

[Event "AUTO-MASTER-2875"]
[Site "http://www.queenalice.com/game.php?id=1583113"]
[Date "2019.9.11"]
[Round "1"]
[White "jupar"]
[Black "ribeiro"]
[Result "0-1"]
[WhiteElo "2091"]
[BlackElo "1876"]

1. e4 c5 2. Nf3 d6 3. c3 Nf6 4. Be2 a6 5. h3 Nxe4 6. Qa4+ b5 7. Qxe4 e6 8. Qxa8
Qc7 9. Qe4 Bb7 10. Qg4 h5 11. Qg3 Nd7 12. d3 g6 13. Be3 Be7 14. h4 Qb6 15. b4 a5
16. a3 Qa6 17. a4 axb4 18. cxb4 cxb4 19. d4 d5 20. Nbd2 O-O 21. Bxb5 Qa5 22. Nb3
Qa8 23. Qc7 Bc8 24. Bxd7 Ba6 25. Nc5 Bc4 26. Qb7 Qxb7 27. a5 Bxc5 28. dxc5 Qxd7
29. a6 Qc7 30. Nd2 Qe5 31. Ra5 b3 32. Nxc4 dxc4 33. O-O b2 34. Rb1 c3 35. Re1
Qf5 36. Rb5 Qd3 37. Rb6 Ra8 38. c6 Qc4 39. a7 Kg7 40. Rb7 Qxc6 41. Rb8 e5 42.
Rxa8 Qxa8 43. f4 Qb7 44. Kh2 c2 45. fxe5 b1=Q 0-1

[Event "AUTO-MASTER-2875"]
[Site "http://www.queenalice.com/game.php?id=1583114"]
[Date "2019.9.11"]
[Round "1"]
[White "ribeiro"]
[Black "bouley"]
[Result "0-1"]
[WhiteElo "1868"]
[BlackElo "1937"]

1. e4 Nc6 2. d4 d5 3. e5 Bf5 4. h3 f6 5. Nf3 fxe5 6. Bb5 e4 7. Ne5 Qd6 8. Nc3 e6
9. Qh5+ g6 10. Qg5 Be7 11. Qe3 g5 12. Bd2 a6 13. Bxc6+ bxc6 14. a3 c5 15. Ng4 h5
16. Nh2 c4 17. O-O-O Nh6 18. Qe2 Bg6 19. Rdg1 O-O 20. g4 h4 21. f3 exf3 22. Nxf3
Nf7 23. Re1 Nd8 24. Ne5 Bh7 25. Na4 Be4 26. Rhf1 Nc6 27. Nxc6 Qxc6 28. Nc3 Rxf1
29. Rxf1 Rf8 30. Rxf8+ Kxf8 31. Nxe4 dxe4 32. Be3 Kg7 33. Kd1 Qb5 34. Kc1 c5 35.
dxc5 Bf6 36. c3 Kg6 37. Bd2 Qxc5 38. Qxe4+ Kg7 39. Qxe6 a5 40. Qd7+ Qe7 41. Qd5
Qe5 42. Qxc4 Qh2 43. Qf1 Qe5 44. b3 Qd5 45. Kb2 Qxd2+ 46. Kb1 Qxc3 47. Qc1 Qxb3+
0-1

[Event "AUTO-MASTER-2875"]
[Site "http://www.queenalice.com/game.php?id=1583115"]
[Date "2019.9.11"]
[Round "1"]
[White "bouley"]
[Black "ribeiro"]
[Result "1-0"]
[WhiteElo "1900"]
[BlackElo "1893"]

1. e4 c5 2. Nf3 d6 3. d4 cxd4 4. Nxd4 Nf6 5. Nc3 a6 6. Bg5 e6 7. Be2 e5 8. Nf3
Be7 9. O-O h6 10. Bxf6 Bxf6 11. Nd5 b5 12. c4 bxc4 13. Bxc4 Bb7 14. Qb3 Bc6 15.
Rac1 Nd7 16. Nxf6+ Qxf6 17. Bxf7+ Qxf7 18. Qxf7+ Kxf7 19. Rxc6 g5 20. Rxd6 Nc5
21. Nxe5+ Ke8 22. f3 Ke7 23. Rfd1 Ra7 24. Ng6+ Kf7 25. Nxh8+ Kg7 26. Ng6 a5 27.
Ne5 a4 28. Rc6 Nxe4 29. fxe4 Kg8 30. Rxh6 Kg7 31. Rdd6 Re7 32. Rhg6+ Kf8 33.
Rd8+ Re8 34. Rxe8+ 1-0

[Event "AUTO-MASTER-2875"]
[Site "http://www.queenalice.com/game.php?id=1583116"]
[Date "2019.9.11"]
[Round "1"]
[White "ribeiro"]
[Black "JailtonMaster"]
[Result "1-0"]
[WhiteElo "1852"]
[BlackElo "2160"]

1. e4 d5 2. exd5 Qxd5 3. Nc3 Qd8 4. d4 c6 5. Nf3 Bg4 6. Be2 Nf6 7. h3 Bh5 8. O-O
e6 9. Re1 Bd6 10. Ng5 Bxe2 11. Rxe2 O-O 12. Nce4 Nxe4 13. Rxe4 h6 14. Nxe6 fxe6
15. Rxe6 c5 16. Qg4 Rf6 17. Bxh6 Qf8 18. Bxg7 Qxg7 19. Rxf6 Qxg4 20. hxg4 Be7
21. Re6 Kf7 22. d5 Na6 23. Rae1 Bf6 24. d6 Rg8 25. f3 Bd4+ 26. Kf1 Rh8 27. Re7+
Kf6 28. c3 Rh1+ 29. Ke2 Rxe1+ 30. Kxe1 1-0

[Event "AUTO-MASTER-2875"]
[Site "http://www.queenalice.com/game.php?id=1583117"]
[Date "2019.9.11"]
[Round "1"]
[White "JailtonMaster"]
[Black "ribeiro"]
[Result "1/2-1/2"]
[WhiteElo "2129"]
[BlackElo "1880"]

1. d4 Nf6 2. c4 g6 3. Nf3 Bg7 4. Nc3 d6 5. e4 O-O 6. Be2 a6 7. O-O h6 8. h3 b6
9. Qc2 c5 10. dxc5 bxc5 11. Rd1 Qc7 12. Nd5 Nxd5 13. exd5 f5 14. Nh4 g5 15. Ng6
Rf6 16. Bh5 f4 17. Re1 e5 18. dxe6 Bxe6 19. Bg4 Bxg4 20. hxg4 Qf7 21. Ne7+ Kh8
22. Nd5 Re6 23. Rxe6 Qxe6 24. Nc7 Qe1+ 25. Kh2 Ra7 26. Nd5 Nc6 27. Qa4 Nd4 28.
Be3 fxe3 29. Qe8+ Kh7 30. Qe4+ Kh8 31. Qe8+ Kh7 32. Qe4+ Kh8 33. Qe8+ 1/2-1/2

[Event "AUTO-MASTER-2877"]
[Site "http://www.queenalice.com/game.php?id=1583815"]
[Date "2019.9.17"]
[Round "1"]
[White "ribeiro"]
[Black "jupar"]
[Result "0-1"]
[WhiteElo "1908"]
[BlackElo "2053"]

1. e4 e5 2. Nf3 Nc6 3. Bb5 Bc5 4. O-O Nf6 5. Nxe5 Bxf2+ 6. Rxf2 Nxe5 7. d4 Ng6
8. e5 Ne4 9. Rf5 c6 10. Bd3 d5 11. Rf1 Qh4 12. Qf3 O-O 13. Bxe4 dxe4 14. Qe3 Be6
15. Nc3 Rad8 16. b4 Bc4 17. Rf2 Bd5 18. g3 Qe7 19. Ba3 b5 20. Nxe4 Bxe4 21. Qxe4
Rd5 22. Bb2 f6 23. Qe3 fxe5 24. Rxf8+ Qxf8 25. a3 Qf5 26. Rc1 e4 27. Rf1 Qe6 28.
c3 a6 29. Ba1 h6 30. Bb2 Kh7 31. Bc1 Ne7 32. Qf2 Rf5 33. Qe2 g5 34. Rxf5 Nxf5
35. g4 Nh4 36. h3 Nf3+ 37. Kh1 Kg7 38. Be3 Qb3 39. Bxg5 Qb1+ 0-1

[Event "AUTO-MASTER-2877"]
[Site "http://www.queenalice.com/game.php?id=1583816"]
[Date "2019.9.17"]
[Round "1"]
[White "jupar"]
[Black "ribeiro"]
[Result "1/2-1/2"]
[WhiteElo "2157"]
[BlackElo "1901"]

1. e4 c5 2. Nf3 d6 3. c3 b6 4. d4 e6 5. Bb5+ Bd7 6. Qa4 Nf6 7. Bg5 Be7 8. Bxf6
Bxf6 9. e5 dxe5 10. dxe5 Be7 11. O-O h5 12. Nbd2 g5 13. Ne4 g4 14. Nfd2 Qc7 15.
Nd6+ Kf8 16. N2e4 a6 17. Bxd7 Nxd7 18. f4 gxf3 19. Rxf3 Nxe5 20. Rf2 Bxd6 21.
Nxd6 Qxd6 22. Raf1 Rh7 23. Qe4 Rg7 24. Re2 Nc6 25. Qh4 Rh7 26. Qf6 Re8 27. Qg6
Rg7 28. Qxh5 e5 29. Qh8+ Rg8 30. Qh5 Re7 31. Qh7 Qg6 32. Qh3 Na7 33. Qf3 e4 34.
Qf4 c4 35. Rff2 e3 36. Rf3 Qb1+ 37. Rf1 Qxa2 38. Qh6+ Rg7 39. Qxb6 Nb5 40. Rfe1
Rg6 41. Qc5 Re6 42. Rd1 Nxc3 43. Rd8+ Kg7 44. Qd4+ f6 45. Qxc3 Qb1+ 46. Re1 Qf5
47. Rf1 e2 48. Rxf5 e1=Q+ 49. Qxe1 Rxe1+ 50. Kf2 R1e2+ 51. Kg3 Rxb2 52. Rd6 c3
53. Rfxf6 c2 54. Rg6+ Kh7 55. Rh6+ Kg7 56. Rdg6+ Kf7 57. Rc6 Kg7 58. Rhg6+ Kh7
59. Rgf6 Rg7+ 60. Kf3 a5 61. g3 a4 62. Rc4 Rg6 63. Rf7+ Kg8 64. Ra7 Rf6+ 65. Ke3
Rf1 66. Rc8+ Rf8 67. Rcc7 Rf7 68. Ra8+ Kg7 69. Rxf7+ Kxf7 70. Kd2 Ra2 71. h4 a3
72. Kc1 Kf6 73. g4 Kg6 74. Ra6+ Kf7 75. g5 Ra1+ 76. Kxc2 Rh1 77. Rxa3 Rxh4 78.
Rg3 Kg6 79. Kd3 Ra4 80. Ke2 Ra2+ 81. Kf1 Ra5 82. Kf2 Rxg5 83. Rxg5+ Kxg5 84. Kg3
1/2-1/2

[Event "AUTO-MASTER-2877"]
[Site "http://www.queenalice.com/game.php?id=1583817"]
[Date "2019.9.17"]
[Round "1"]
[White "ribeiro"]
[Black "SAMOEL"]
[Result "0-1"]
[WhiteElo "1898"]
[BlackElo "2062"]

1. e4 e5 2. Nf3 d6 3. Bc4 Bg4 4. h3 Bh5 5. O-O Nf6 6. Qe1 h6 7. d4 Bxf3 8. gxf3
Nh7 9. f4 Qh4 10. fxe5 Ng5 11. Qe3 Nxh3+ 12. Kg2 Ng5 13. Rh1 Qg4+ 14. Qg3 Qxe4+
15. f3 Qxc2+ 16. Qf2 Qf5 17. Nc3 Nd7 18. Ne4 Nxe4 19. fxe4 Qxe4+ 20. Kg1 Qg6+
21. Kf1 dxe5 22. Rg1 Qf6 23. Qxf6 gxf6 24. dxe5 fxe5 25. Be3 a6 26. Ke2 f5 27.
Rg6 O-O-O 28. Be6 f4 29. Bf2 Kb8 30. Bh4 f3+ 31. Kxf3 e4+ 32. Kg2 Ne5 33. Bxd8
Nxg6 34. Bf6 Nf4+ 35. Kg3 Nh5+ 36. Kh3 Nxf6 37. Rf1 Be7 38. Kg3 h5 39. Kf4 h4
40. Bh3 Rf8 41. Rd1 Bd6+ 42. Ke3 Bc5+ 43. Ke2 Nh5 44. Rd5 Ng3+ 45. Kd1 Bf2 46.
Bg4 e3 47. Re5 Rd8+ 48. Kc1 Rh8 49. Bh3 e2 50. Rxe2 Nxe2+ 51. Kd2 Nf4 0-1

[Event "AUTO-MASTER-2877"]
[Site "http://www.queenalice.com/game.php?id=1583818"]
[Date "2019.9.17"]
[Round "1"]
[White "SAMOEL"]
[Black "ribeiro"]
[Result "1-0"]
[WhiteElo "2096"]
[BlackElo "1887"]

1. e4 e5 2. Bc4 Nc6 3. Qf3 Nf6 4. Ne2 d6 5. h3 Nb4 6. Bb3 Be6 7. Na3 d5 8. Ng3
dxe4 9. Nxe4 Bxb3 10. axb3 Nc6 11. O-O Nxe4 12. Qxe4 Qf6 13. c3 O-O-O 14. b4 Bd6
15. b5 Ne7 16. Nc4 Kb8 17. Na5 c6 18. b4 b6 19. Nxc6+ Nxc6 20. Qxc6 Rhe8 21. d3
Bc7 22. Be3 Qxc6 23. bxc6 Rxd3 24. c4 e4 25. c5 Rb3 26. cxb6 axb6 27. Ra4 Re5
28. Rfa1 Bd6 29. Bxb6 Rb5 30. Ra8# 1-0

[Event "AUTO-MASTER-2877"]
[Site "http://www.queenalice.com/game.php?id=1583819"]
[Date "2019.9.17"]
[Round "1"]
[White "ribeiro"]
[Black "Foliko"]
[Result "0-1"]
[WhiteElo "1901"]
[BlackElo "2097"]

1. e4 c6 2. d4 d5 3. Nc3 dxe4 4. Nxe4 Bf5 5. Qd3 e6 6. Be3 Nf6 7. Nxf6+ Qxf6 8.
Qd2 Nd7 9. Nf3 a6 10. O-O-O Bd6 11. h3 O-O 12. g4 Be4 13. Be2 Bxf3 14. Bg5 Qg6
15. Bxf3 Rac8 16. h4 h6 17. h5 Qxg5 18. Qxg5 hxg5 19. h6 g6 20. Rh3 Kh7 21. Be4
b5 22. c3 f5 23. Bg2 fxg4 24. Rhh1 Rxf2 25. Be4 g3 26. Rh5 Nf6 27. Rxg5 Nxe4 28.
Rg4 Re2 29. Rf4 Bxf4+ 0-1

[Event "AUTO-MASTER-2877"]
[Site "http://www.queenalice.com/game.php?id=1583820"]
[Date "2019.9.17"]
[Round "1"]
[White "Foliko"]
[Black "ribeiro"]
[Result "1-0"]
[WhiteElo "2104"]
[BlackElo "1875"]

1. e4 c5 2. c3 Nf6 3. e5 Nd5 4. d4 cxd4 5. cxd4 d6 6. Nf3 e6 7. Nc3 Nxc3 8. bxc3
d5 9. Qb3 a6 10. a4 h6 11. Be2 Nc6 12. O-O g5 13. h3 f5 14. Nh2 h5 15. Be3 h4
16. c4 f4 17. Bd2 Nxd4 18. Qd3 Nxe2+ 19. Qxe2 dxc4 20. Qxc4 Qxd2 21. Ng4 Be7 22.
Rfd1 Qa5 23. Qe4 Rg8 24. Qh7 Rf8 25. Qg6+ Rf7 26. Nh6 Bd7 27. Qxf7+ Kd8 28.
Rxd7+ Kxd7 29. Rd1+ Kc7 30. Qxe7+ Kb8 31. Qxe6 Ka7 32. Qd6 Re8 33. e6 Qxa4 34.
Rd4 Qa1+ 35. Kh2 Qa2 36. e7 Qxf2 37. Qc5+ b6 38. Rd7+ Ka8 39. Qc6+ Kb8 40. Qb7#
1-0

[Event "AUTO-OPEN-4069"]
[Site "http://www.queenalice.com/game.php?id=1596810"]
[Date "2020.1.20"]
[Round "2"]
[White "mennecy91"]
[Black "ribeiro"]
[Result "0-1"]
[WhiteElo "1943"]
[BlackElo "1897"]

1. c4 e5 2. Nc3 c6 3. e4 d6 4. g3 Nf6 5. d3 h6 6. Bg2 Be7 7. Nge2 a6 8. h3 b5 9.
b3 Nbd7 10. O-O b4 11. Na4 c5 12. Be3 Nb6 13. Nxb6 Qxb6 14. f4 a5 15. fxe5 dxe5
16. g4 g5 17. Ng3 Rg8 18. Nf5 Bf8 19. Qf3 a4 20. Qg3 Qc7 21. Nxh6 Bxh6 22. Rxf6
Rg6 23. Raf1 Rxf6 24. Rxf6 Bg7 25. Rf2 f6 26. d4 axb3 27. axb3 Ra1+ 28. Kh2 Ra3
29. dxe5 Rxb3 30. exf6 Qxg3+ 31. Kxg3 Rxe3+ 32. Kh2 Bf8 33. Rd2 Bb7 34. f7+ Ke7
35. Rf2 Bxe4 0-1

[Event "AUTO-OPEN-4069"]
[Site "http://www.queenalice.com/game.php?id=1596811"]
[Date "2020.1.20"]
[Round "2"]
[White "ribeiro"]
[Black "mennecy91"]
[Result "1/2-1/2"]
[WhiteElo "1889"]
[BlackElo "2101"]

1. e4 Nc6 2. Nf3 e5 3. Bb5 a6 4. Bc4 Nf6 5. O-O Be7 6. Re1 O-O 7. d4 b5 8. Bd5
Nxd5 9. exd5 Nxd4 10. Nxd4 exd4 11. Qxd4 Bb7 12. a3 Bf6 13. Qd3 d6 14. Nc3 Qd7
15. Bd2 Rfe8 16. h3 h6 17. Ne4 Qf5 18. Nxf6+ Qxf6 19. Rxe8+ Rxe8 20. Re1 Rxe1+
21. Bxe1 Qxb2 22. Ba5 Qc1+ 23. Kh2 Qf4+ 24. Kg1 Qc1+ 25. Kh2 Qf4+ 26. Kg1 Qc1+
27. Kh2 1/2-1/2

[Event "AUTO-OPEN-4069"]
[Site "http://www.queenalice.com/game.php?id=1608971"]
[Date "2020.4.23"]
[Round "3"]
[White "Poison"]
[Black "ribeiro"]
[Result "1-0"]
[WhiteElo "2809"]
[BlackElo "1913"]

1. e4 c5 2. Nf3 d6 3. d4 cxd4 4. Nxd4 Nf6 5. Nc3 a6 6. Be2 e6 7. O-O Nc6 8. Nxc6
bxc6 9. Qd3 e5 10. Qg3 h6 11. f4 exf4 12. Bxf4 g5 13. Be3 Bb7 14. Qf2 Bg7 15. e5
dxe5 16. Rad1 Qe7 17. Bc5 Qc7 18. Bh5 Nxh5 19. Ne4 Bf8 20. Bb6 Bc5 21. Bxc5 1-0

[Event "AUTO-OPEN-4069"]
[Site "http://www.queenalice.com/game.php?id=1608972"]
[Date "2020.4.23"]
[Round "3"]
[White "ribeiro"]
[Black "Poison"]
[Result "0-1"]
[WhiteElo "1915"]
[BlackElo "2808"]

1. e4 c5 2. c3 e6 3. Nf3 Nc6 4. d4 d5 5. e5 Qb6 6. Be2 cxd4 7. Nxd4 Bc5 8. Be3
Qxb2 9. Nb3 Bxe3 10. fxe3 a5 11. Qd2 Qxd2+ 12. N1xd2 Nxe5 13. Nd4 Nf6 14. O-O
Ke7 15. N2f3 Nxf3+ 16. Bxf3 Bd7 17. Rab1 e5 18. Nb3 Rhc8 19. Rfc1 Rc7 20. h3 a4
21. Nd2 Rac8 0-1